Jungle Countries - Statistics

General Stats
  • This quiz has been taken 1,872 times
    1,811 since last reset
  • The average score is 17 of 25
Answer Stats
Clue Country % Correct
1 Brazil
98%
3 Indonesia
86%
4 Peru
86%
5 India
84%
10 Venezuela
83%
7 Colombia
81%
9 Bolivia
79%
24 Thailand
79%
19 Malaysia
77%
25 Vietnam
77%
16 Congo
76%
21 Laos
72%
22 Guyana
69%
23 Suriname
68%
6 Mexico
65%
12 Tanzania
62%
8 Angola
57%
11 Zambia
56%
18 Cameroon
55%
13 Myanmar
54%
14 Papua New Guinea
51%
20 Zimbabwe
51%
17 Gabon
50%
15 Central African Republic
29%
2 Dem. Rep. Congo
28%
No matching quizzes found
Score Distribution
Percent of People with Each Score
Percentile by Number Answered
Your Score History
You have not taken this quiz since the last reset